| 000 | 00935nam a2200253 i 4500 | ||
|---|---|---|---|
| 001 | 177241 | ||
| 003 | ES-MaACL | ||
| 005 | 20240120062955.0 | ||
| 008 | 110310s2000 sp |||| | spa d | ||
| 020 | _a84-87012-76-0 | ||
| 080 | _a821.134.2-14.09"19" | ||
| 100 | 1 |
_aRuiz de Torres, Juan, _d1931-2014 _9155342 |
|
| 245 | 1 | 0 |
_aArquetipos orales en la poesía española de fin de siglo / _cJuan Ruiz de Torres, Enrique Valle ; introducción por Fredo Arias de la Canal. |
| 250 | _a1ª ed. | ||
| 260 |
_aMadrid : _bAsociación Prometeo de Poesía, _c2000. |
||
| 300 |
_a192 p. ; _c21 cm. |
||
| 490 | 1 |
_aEdiciones Blancas. Serie Mayor ; _v1 |
|
| 650 | 4 |
_aPoesía española- _yS.XX- _xHistoria y crítica. _916167 |
|
| 700 | 1 |
_aValle, Enrique. _9112756 |
|
| 700 | 1 |
_aArias de la Canal, Fredo. _922770 |
|
| 830 | 0 |
_aEdiciones Blancas. Serie Mayor ; _v1 _9190397 |
|
| 852 |
_aES-MaACL _jE-14649 |
||
| 999 |
_c177241 _d177241 |
||